• AIU
  • Tony Wilmot Memorial Library

Ogba-ndzu ophungu, shi l'eka nchileke. (Record no. 40835)

MARC details
000 -LEADER
fixed length control field 00698nam a22002171a 4500
005 - DATE AND TIME OF LATEST TRANSACTION
control field 20110718133351.0
008 - FIXED-LENGTH DATA ELEMENTS--GENERAL INFORMATION
fixed length control field 091005s nyu 001 0 eng d
020 ## - INTERNATIONAL STANDARD BOOK NUMBER
Terms of availability 0.00
040 ## - CATALOGING SOURCE
Original cataloging agency NEGST Library - Kenya
050 #4 - LIBRARY OF CONGRESS CALL NUMBER
Classification number BS 325.I39
082 0# - DEWEY DECIMAL CLASSIFICATION NUMBER
Classification number BS 325.I39
100 1# - MAIN ENTRY--PERSONAL NAME
Personal name International Bible Society.
245 10 - TITLE STATEMENT
Title Ogba-ndzu ophungu, shi l'eka nchileke.
260 ## - PUBLICATION, DISTRIBUTION, ETC. (IMPRINT)
Place of publication, distribution, etc New York :
Name of publisher, distributor, etc New York International B,
Date of publication, distribution, etc [?1980]
300 ## - PHYSICAL DESCRIPTION
Extent 687 p. : ill., m.
500 ## - GENERAL NOTE
General note "The New Testament in Ikwo." - T.p. verso. [Africana]
600 10 - SUBJECT ADDED ENTRY--PERSONAL NAME
Personal name Ikwo language - Texts.
600 10 - SUBJECT ADDED ENTRY--PERSONAL NAME
Personal name Bible. N.T. Ikwo.
700 1# - ADDED ENTRY--PERSONAL NAME
Personal name Nigeria Bible Translation Trust.
852 ## - LOCATION/CALL NUMBER
-- 4.00
Holdings
Withdrawn status Lost status Source of classification or shelving scheme Damaged status Not for loan Collection code Home library Current library Shelving location Date acquired Full call number Barcode Date last seen Copy number Price effective from Koha item type
    Library of Congress Classification     Reference AIU/NEGST - Tony Wilmot Memorial Library AIU/NEGST - Tony Wilmot Memorial Library Reference 10/05/2009 REF BS 325.I39 R49030P3232 09/26/2019 1 10/05/2009 Africana collection ( Reference)